[Event "32nd Dortmund Meeting group 2"]
[Site "Dortmund GER"]
[Date "2004.07.25"]
[Round "4"]
[White "Karjakin, Sergey"]
[Black "Kramnik, Vladimir"]
[Result "1/2-1/2"]
[WhiteElo "2591"]
[BlackElo "2770"]
[EventDate "2004.07.22"]
[PlyCount "173"]

1.e4 c5 2.Nf3 d6 3.d4 cxd4 4.Nxd4 Nf6 5.Nc3 a6 6.Be3 e5 7.Nb3 Be6 8.f3 
Nbd7 9.g4 Nb6 10.g5 Nh5 11.Qd2 Rc8 12.O-O-O Be7 13.Kb1 O-O 14.Rg1 Qc7 15.
Qf2 Nc4 16.Bxc4 Qxc4 17.f4 Nxf4 18.Bxf4 exf4 19.Qxf4 Rfe8 20.h4 Bf8 21.h5 
g6 22.h6 Qb4 23.Qf6 Qb6 24.Nd4 Qd8 25.Qf3 Be7 26.Nxe6 fxe6 27.Qg4 Kh8 28.
e5 d5 29.Qxe6 Bxg5 30.Qf7 Bxh6 31.Rh1 Rc7 32.Qf3 Bg7 33.Nxd5 Rd7 34.e6 
Rxe6 35.Rxh7+ Kxh7 36.Qh3+ Kg8 37.Qxe6+ Rf7 38.a4 g5 39.Ka2 Kf8 40.Nf6 
Bxf6 41.Rxd8+ Bxd8 42.Qc8 Ke8 43.b4 Rg7 44.Qg4 b6 45.Qe2+ Kf8 46.Qf1+ Ke7 
47.Qe2+ Kf8 48.Qxa6 g4 49.Qc8 Ke8 50.Qc6+ Kf8 51.Kb3 g3 52.Qg2 Rg5 53.c4 
Kg7 54.Kc2 Kh6 55.Kd3 Be7 56.b5 Bc5 57.a5 bxa5 58.b6 Bxb6 59.Qh1+ Kg6 60.
Qc6+ Kh5 61.Qxb6 g2 62.Qg1 Rg3+ 63.Kd4 Kg4 64.c5 Kh3 65.c6 Rg4+ 66.Kd5 Rg3
67.Kc4 Rg4+ 68.Kb5 Rg5+ 69.Kb6 Rg6 70.Kb7 Rg3 71.c7 Rb3+ 72.Ka6 Rc3 73.Kb6
Rb3+ 74.Kxa5 Rc3 75.Kb6 Rb3+ 76.Kc6 Rc3+ 77.Kd7 Rd3+ 78.Kc8 Rg3 79.Kd7 
Rd3+ 80.Ke6 Rc3 81.Kd6 Rd3+ 82.Ke5 Rc3 83.Kf5 Rxc7 84.Qe3+ Kh2 85.Qf4+ Kh1
86.Qxc7 g1=Q 87.Ke4 {A heart-breaking draw for many observers, Im sure, 
but you also have to be amazed by Kramnik's defensive capacity.} 1/2-1/2